<?xml version="1.0" encoding="UTF-8"?>
<collection xmlns="http://www.loc.gov/MARC21/slim">
 <record>
  <leader>00860pamaa2200229   4500</leader>
  <controlfield tag="001">0000045724</controlfield>
  <controlfield tag="005">20121206090000.0</controlfield>
  <controlfield tag="008">090721                             eng  </controlfield>
  <datafield tag="020" ind1="0" ind2="0">
   <subfield code="a">9780723434481 / 0723434484 </subfield>
  </datafield>
  <datafield tag="090" ind1="0" ind2="0">
   <subfield code="a">QP34.5 </subfield>
   <subfield code="b">THI 2007</subfield>
  </datafield>
  <datafield tag="100" ind1="1" ind2="0">
   <subfield code="a">Thibodeau </subfield>
  </datafield>
  <datafield tag="245" ind1="1" ind2="0">
   <subfield code="a">Anatomy &amp; physiology  </subfield>
   <subfield code="c">Gary A. Thibodeau, Kevin T. Patton.</subfield>
  </datafield>
  <datafield tag="250" ind1="0" ind2="0">
   <subfield code="a">6th ed.</subfield>
  </datafield>
  <datafield tag="260" ind1="0" ind2="0">
   <subfield code="a">St. Louis, Mo.: </subfield>
   <subfield code="b">Mosby / Elsevier, </subfield>
   <subfield code="c">2007.</subfield>
  </datafield>
  <datafield tag="300" ind1=" " ind2=" ">
   <subfield code="a">xvi, 1228p. : ill. (some col.); </subfield>
   <subfield code="c">29 cm.</subfield>
  </datafield>
  <datafield tag="500" ind1="0" ind2="0">
   <subfield code="a">Accompanied with 1 booklets &quot;Brief atlas of the human body / Gary A. Thibodeau, Kevin T. Patton. Please refer to circulation counter for the accompanying book.</subfield>
  </datafield>
  <datafield tag="501" ind1="0" ind2="0">
   <subfield code="a">BMLTI</subfield>
  </datafield>
  <datafield tag="504" ind1="0" ind2="0">
   <subfield code="a">Includes bibliographical references and index</subfield>
  </datafield>
  <datafield tag="650" ind1="0" ind2="0">
   <subfield code="a">Human anatomy </subfield>
  </datafield>
  <datafield tag="650" ind1="0" ind2="0">
   <subfield code="a">Human physiology </subfield>
  </datafield>
  <datafield tag="700" ind1="1" ind2="1">
   <subfield code="a">Patton, </subfield>
   <subfield code="h">Kevin T. </subfield>
  </datafield>
  <datafield tag="901" ind1=" " ind2=" ">
   <subfield code="u">http://www.elsevierhealth.com</subfield>
  </datafield>
 </record>
</collection>
